US Military Ranks - Statistics

General Stats
  • This quiz has been taken 1,823 times
  • The average score is 23 of 50
Answer Stats
Grade Branch Army % Correct
E-1 Army / Marine Corps Private
93%
O-10 Army / Air Force / Marine Corps General
83%
O-3 Navy / Coast Guard Lieutenant
82%
O-3 Army / Air Force / Marine Corps Captain
79%
O-6 Navy / Coast Guard Captain
79%
E-5 Army / Marine Corps Sergeant
79%
E-4 Army / Marine Corps Corporal
73%
O-4 Army / Air Force / Marine Corps Major
73%
O-6 Army / Air Force / Marine Corps Colonel
72%
E-3 Army Private First Class
69%
E-2 Marine Corps Private First Class
69%
O-10 Navy / Coast Guard Admiral
65%
E-2 Air Force Airman
59%
E-3 Navy / Coast Guard Seaman
59%
O-5 Army / Air Force / Marine Corps Lieutenant Colonel
53%
E-5 Air Force Staff Sergeant
53%
O-1 Army / Air Force / Marine Corps Second Lieutenant
52%
E-6 Army / Marine Corps Staff Sergeant
52%
O-8 Army / Air Force / Marine Corps Major General
51%
E-2 Navy / Coast Guard Seaman Apprentice
51%
O-7 Army / Air Force / Marine Corps Brigadier General
50%
O-9 Army / Air Force / Marine Corps Lieutenant General
50%
O-5 Navy / Coast Guard Commander
49%
O-2 Army / Air Force / Marine Corps First Lieutenant
49%
E-8 Army / Marine Corps Master Sergeant
45%
E-9 Army / Marine Corps Sergeant Major
45%
E-7 Air Force Master Sergeant
44%
E-3 Marine Corps Lance Corporal
42%
O-1 Navy / Coast Guard Ensign
40%
O-8 Navy / Coast Guard Rear Admiral
40%
E-7 Army Sergeant First Class
34%
E-7 Marine Corps Gunnery Sergeant
33%
O-9 Navy / Coast Guard Vice Admiral
32%
E-7 Navy / Coast Guard Chief Petty Officer
30%
E-2 Army Private Second Class
29%
E-3 Air Force Airman First Class
28%
O-4 Navy / Coast Guard Lieutenant Commander
28%
E-1 Navy / Coast Guard Seaman Recruit
28%
E-6 Navy / Coast Guard Petty Officer First Class
25%
E-1 Air Force Airman Basic
24%
E-5 Navy / Coast Guard Petty Officer Second Class
24%
E-4 Navy / Coast Guard Petty Officer Third Class
23%
E-6 Air Force Technical Sergeant
23%
E-9 Navy / Coast Guard Master Chief Petty Officer
21%
E-4 Air Force Senior Airman
21%
O-2 Navy / Coast Guard Lieutenant Junior Grade
20%
O-7 Navy / Coast Guard Rear Admiral Lower Half
18%
E-9 Air Force Chief Master Sergeant
17%
E-8 Navy / Coast Guard Senior Chief Petty Officer
17%
E-8 Air Force Senior Master Sergeant
15%
No matching quizzes found
Score Distribution
Percent of People with Each Score
Percentile by Number Answered
Your Score History
You have not taken this quiz